000 00436nam a2200181Ia 4500
001 13689
005 20260306164819.0
008 260306t2013||||xx |||||||||||||| ||spa||
041 _aESP
082 _a005.133
_bT866
100 _aToppo, Naveen
_eAUT
245 0 _aPointers in C:
_ba hands on approach
260 _c2013
300 _axviii, 146 páginas :
_c23 cm.
650 _aGEN
654 _aCCC
942 _cLIB
_dJUS
_fJUS
_2ddc
_n
999 _c13689
_d13689